[Event "PHI-ch sf (Women)"]
[Site "Manila"]
[Date "2014.??.??"]
[Round "9"]
[White "Dela Cruz, Nicole Raven"]
[Black "San, Diego Jerlyn Mae"]
[Result "1-0"]
[WhiteElo "1800"]
[BlackElo "1845"]
[PlyCount "61"]
[EventDate "2014.03.??"]
[EventType "swiss"]
[EventRounds "9"]
[EventCountry "PHI"]
[SourceTitle "EXT 2016"]
[Source "ChessBase"]
[SourceDate "2015.10.08"]
[SourceVersion "1"]
[SourceVersionDate "2015.10.08"]
[SourceQuality "1"]

1. e4 c5 2. Nf3 d6 3. d4 cxd4 4. Nxd4 Nf6 5. Nc3 a6 6. Bg5 e6 7. f4 Be7 8. Qf3 Qc7 9. 0-0-0 Nbd7 10. f5 Ne5 11. Qh3 0-0 12. fxe6 Re8 13. exf7+ Nxf7 14. Qh4 Nxg5 15. Qxg5 Ng4 16. Qd2 Qd8 17. Bc4+ Kh8 18. Nf3 Rf8 19. Nd5 Rxf3 20. gxf3 Bg5 21. f4 Bh4 22. Rhg1 Be6 23. h3 Bxd5 24. Qxd5 Nf6 25. Qxb7 Qf8 26. e5 dxe5 27. fxe5 Nh5 28. Rdf1 Qc5 29. Qxa8+ Bd8 30. Qxd8+ Qf8 31. Qxf8# 1-0